ACC College Towns - Statistics

General Stats
  • This quiz has been taken 25 times
  • The average score is 17 of 18
Answer Stats
Hint Answer % Correct
Pittsburgh Pittsburgh
100%
Syracuse Syracuse
100%
Georgia Tech Atlanta
96%
North Carolina Chapel Hill
96%
Clemson Clemson
96%
Miami Coral Gables
96%
SMU Dallas
96%
Duke Durham
96%
Louisville Louisville
96%
Notre Dame Notre Dame
96%
North Carolina St. Raleigh
96%
Florida State Tallahassee
96%
Virginia Charlottesville
91%
Boston College Chestnut Hill
91%
Virginia Tech Blacksburg
87%
Stanford Stanford
87%
California Berkeley
78%
Wake Forest Winston-Salem
78%
No matching quizzes found
Score Distribution
Percent of People with Each Score
Percentile by Number Answered
Your Score History
You have not taken this quiz